000
00303nam a22001337a 4500
008
181101b xxu||||| |||| 00| 0 eng d
020
_a
9780801663758
041
_a
eng
080
_2
9th
_a
591
100
_a
7
101
_a
ZOO
245
_a
Integrated Principles of Zoology
_c
Hickamn
942
_2
udc
_c
BK
999
_c
51531
_d
51531